000 00778nam a2200265Ia 4500
003 OSt
005 20220928131026.0
006 a|||||r|||| 00| 0
007 ta
008 220927b |||||||| |||| 00| 0 eng d
024 _a238
037 _cTextual
040 _aSDCL
_cSDCL
_beng
041 _2eng
_aeng
082 _aX9B:328.1'P, P7
100 _aBridge Simon
_9476809
245 0 _aUnderstanding enterprise,entrepreneurship and small business
250 _a2
260 _aNew York
_b Palgrave Macmillan
_c2007
300 _axxiii,520p
_ccm.
650 _aEnterprenurship Small Scale Industry India
_9429370
700 _a O'Neill Ken
_9476810
942 _hX9B:328.1'P, P7
_cTEXL
_2CC
999 _c789278
_d789278